[Event "XXVII MISTRZOSTWA WOJEWÓDZTWA PODLASKIEGO JUNIOREK DO LAT 12 - D12"]
[Site "Białystok, Poland"]
[Date "2025.05.30"]
[Round "3.2"]
[White "Dabrowska, Eliza"]
[Black "Szewczyk, Maja"]
[Result "1-0"]
[WhiteElo "1527"]
[BlackElo "1432"]

1. d4 {[%clk 00:30:59]} Nf6 {[%clk 00:30:51]} {[%emt 00:00:10]} 2. c4 {[%clk
00:31:23]} {[%emt 00:00:06]} g6 {[%clk 00:31:06]} {[%emt 00:00:15]} 3. Nc3
{[%clk 00:31:43]} {[%emt 00:00:09]} d5 {[%clk 00:31:26]} {[%emt 00:00:10]} 4.
cxd5 {[%clk 00:30:30]} {[%emt 00:01:43]} Nxd5 {[%clk 00:31:40]} {[%emt
00:00:16]} 5. e4 {[%clk 00:28:41]} {[%emt 00:02:19]} Nxc3 {[%clk 00:32:01]}
{[%emt 00:00:10]} 6. bxc3 {[%clk 00:29:02]} {[%emt 00:00:09]} Bg7 {[%clk
00:32:16]} {[%emt 00:00:14]} 7. Nf3 {[%clk 00:27:38]} {[%emt 00:01:54]} c5
{[%clk 00:32:16]} {[%emt 00:00:31]} 8. Bb5+ {[%clk 00:27:14]} {[%emt 00:00:55]}
Bd7 {[%clk 00:32:02]} {[%emt 00:00:44]} 9. Bxd7+ {[%clk 00:26:01]} {[%emt
00:01:43]} Qxd7 {[%clk 00:32:07]} {[%emt 00:00:25]} 10. O-O {[%clk 00:24:39]}
{[%emt 00:01:50]} Nc6 {[%clk 00:32:02]} {[%emt 00:00:36]} 11. Be3 {[%clk
00:21:48]} {[%emt 00:03:21]} O-O {[%clk 00:32:02]} {[%emt 00:00:30]} 12. Rc1
{[%clk 00:20:05]} {[%emt 00:02:13]} cxd4 {[%clk 00:31:47]} {[%emt 00:00:45]} 13.
cxd4 {[%clk 00:20:17]} {[%emt 00:00:18]} Rfd8 {[%clk 00:31:32]} {[%emt
00:00:45]} 14. d5 {[%clk 00:19:30]} {[%emt 00:01:18]} Nb4 {[%clk 00:30:57]}
{[%emt 00:01:04]} 15. Qb3 {[%clk 00:17:28]} {[%emt 00:02:32]} Na6 {[%clk
00:29:56]} {[%emt 00:01:30]} 16. Rfd1 {[%clk 00:12:17]} {[%emt 00:05:42]} b6
{[%clk 00:28:37]} {[%emt 00:01:49]} 17. Qc4 {[%clk 00:09:42]} {[%emt 00:03:05]}
b5 {[%clk 00:27:00]} {[%emt 00:02:02]} 18. Qb3 {[%clk 00:09:11]} {[%emt
00:01:06]} Rac8 {[%clk 00:26:58]} {[%emt 00:00:32]} 19. Nd4 {[%clk 00:07:41]}
{[%emt 00:02:00]} Rxc1 {[%clk 00:26:59]} 20. Rxc1 {[%clk 00:08:02]} {[%emt
00:00:39]} Bxd4 {[%clk 00:26:39]} {[%emt 00:00:49]} 21. Bxd4 {[%clk 00:08:24]}
{[%emt 00:00:08]} Rc8 {[%clk 00:26:38]} {[%emt 00:00:31]} 22. Rxc8+ {[%clk
00:06:34]} {[%emt 00:02:21]} Qxc8 {[%clk 00:26:54]} {[%emt 00:00:13]} 23. Qc3
{[%clk 00:05:41]} {[%emt 00:01:23]} Qxc3 {[%clk 00:24:02]} {[%emt 00:03:23]} 24.
Bxc3 {[%clk 00:06:06]} {[%emt 00:00:05]} Kf8 {[%clk 00:23:39]} {[%emt
00:00:52]} 25. a3 {[%clk 00:05:45]} {[%emt 00:00:51]} Ke8 {[%clk 00:23:47]}
{[%emt 00:00:22]} 26. Bd4 {[%clk 00:05:17]} {[%emt 00:00:58]} Kd7 {[%clk
00:22:59]} {[%emt 00:01:18]} 27. Bxa7 {[%clk 00:05:04]} {[%emt 00:00:44]} e6
{[%clk 00:22:40]} {[%emt 00:00:49]} 28. dxe6+ {[%clk 00:05:19]} {[%emt
00:00:15]} Kxe6 {[%clk 00:22:59]} {[%emt 00:00:10]} 29. Bd4 {[%clk 00:05:23]}
{[%emt 00:00:27]} h5 {[%clk 00:22:30]} {[%emt 00:00:59]} 30. f3 {[%clk
00:05:38]} {[%emt 00:00:15]} Nc7 {[%clk 00:22:21]} {[%emt 00:00:39]} 31. Kf2
{[%clk 00:05:28]} {[%emt 00:00:39]} f5 {[%clk 00:21:55]} {[%emt 00:00:57]} 32.
Ke3 {[%clk 00:05:28]} {[%emt 00:00:30]} fxe4 {[%clk 00:21:58]} {[%emt
00:00:28]} 33. fxe4 {[%clk 00:05:48]} {[%emt 00:00:09]} Kf7 {[%clk 00:20:30]}
{[%emt 00:01:58]} 34. Kd3 {[%clk 00:03:47]} {[%emt 00:02:30]} Na6 {[%clk
00:19:54]} {[%emt 00:01:07]} 35. Bb6 {[%clk 00:03:16]} {[%emt 00:01:00]} Ke6
{[%clk 00:19:57]} {[%emt 00:00:28]} 36. Kd4 {[%clk 00:02:56]} {[%emt 00:00:51]}
Kd6 {[%clk 00:19:31]} {[%emt 00:00:56]} 37. e5+ {[%clk 00:02:45]} {[%emt
00:00:41]} Ke6 {[%clk 00:19:21]} {[%emt 00:00:40]} 38. h3 {[%clk 00:02:27]}
{[%emt 00:00:48]} b4 {[%clk 00:19:17]} {[%emt 00:00:33]} 39. axb4 {[%clk
00:02:32]} {[%emt 00:00:25]} Nxb4 {[%clk 00:19:33]} {[%emt 00:00:14]} 40. Bc7
{[%clk 00:02:32]} {[%emt 00:00:31]} Nc6+ {[%clk 00:19:24]} {[%emt 00:00:38]} 41.
Ke4 {[%clk 00:02:34]} {[%emt 00:00:28]} Ne7 {[%clk 00:19:05]} {[%emt 00:00:48]}
42. Bd6 {[%clk 00:02:40]} {[%emt 00:00:25]} Nf5 {[%clk 00:18:49]} {[%emt
00:00:47]} 43. Kf4 {[%clk 00:02:09]} {[%emt 00:00:59]} Kf7 {[%clk 00:18:13]}
{[%emt 00:01:06]} 44. g4 {[%clk 00:01:47]} {[%emt 00:00:53]} hxg4 {[%clk
00:18:20]} {[%emt 00:00:23]} 45. hxg4 {[%clk 00:02:15]} {[%emt 00:00:03]} Nxd6
{[%clk 00:17:07]} {[%emt 00:01:43]} 46. exd6 {[%clk 00:02:40]} {[%emt
00:00:05]} Ke6 {[%clk 00:17:11]} {[%emt 00:00:25]} 47. Kg5 {[%clk 00:03:03]}
{[%emt 00:00:08]} Kxd6 {[%clk 00:17:32]} {[%emt 00:00:08]} 48. Kxg6 {[%clk
00:03:28]} {[%emt 00:00:05]} Ke7 {[%clk 00:17:50]} {[%emt 00:00:12]} 49. Kh6
{[%clk 00:03:42]} {[%emt 00:00:15]} Kf7 {[%clk 00:17:47]} {[%emt 00:00:34]} 50.
g5 {[%clk 00:03:56]} {[%emt 00:00:17]} Kg8 {[%clk 00:17:40]} {[%emt 00:00:36]}
51. Kg6 {[%clk 00:04:22]} {[%emt 00:00:05]} Kh8 {[%clk 00:17:50]} {[%emt
00:00:19]} 52. Kf7 {[%clk 00:04:47]} {[%emt 00:00:06]} 1-0

[Event "XXVII MISTRZOSTWA WOJEWÓDZTWA PODLASKIEGO JUNIOREK DO LAT 12 - D12"]
[Site "Białystok, Poland"]
[Date "2025.05.31"]
[Round "4.1"]
[White "Szewczyk, Maja"]
[Black "Racis, Sara"]
[Result "1-0"]
[WhiteElo "1432"]
[BlackElo "1433"]

1. e4 {[%clk 00:30:58]} e5 {[%clk 00:30:55]} {[%emt 00:00:06]} 2. Nf3 {[%clk
00:31:20]} {[%emt 00:00:09]} Nc6 {[%clk 00:31:17]} {[%emt 00:00:08]} 3. Bc4
{[%clk 00:31:43]} {[%emt 00:00:07]} Bc5 {[%clk 00:31:30]} {[%emt 00:00:16]} 4.
b4 {[%clk 00:32:04]} {[%emt 00:00:10]} Bxb4 {[%clk 00:31:21]} {[%emt 00:00:38]}
5. c3 {[%clk 00:32:20]} {[%emt 00:00:14]} Bc5 {[%clk 00:31:02]} {[%emt
00:00:50]} 6. O-O {[%clk 00:32:22]} {[%emt 00:00:28]} Nf6 {[%clk 00:31:07]}
{[%emt 00:00:25]} 7. d4 {[%clk 00:32:33]} {[%emt 00:00:19]} exd4 {[%clk
00:30:18]} {[%emt 00:01:19]} 8. cxd4 {[%clk 00:32:56]} {[%emt 00:00:08]} Bb6
{[%clk 00:30:14]} {[%emt 00:00:33]} 9. e5 {[%clk 00:32:51]} {[%emt 00:00:36]}
Ne4 {[%clk 00:29:12]} {[%emt 00:01:32]} 10. Re1 {[%clk 00:32:26]} {[%emt
00:00:55]} d5 {[%clk 00:29:09]} {[%emt 00:00:33]} 11. exd6 {[%clk 00:32:45]}
{[%emt 00:00:10]} Bf5 {[%clk 00:27:16]} {[%emt 00:02:23]} 12. Bd5 {[%clk
00:31:58]} {[%emt 00:01:17]} Qxd6 {[%clk 00:25:19]} {[%emt 00:02:28]} 13. Bxe4
{[%clk 00:32:02]} {[%emt 00:00:26]} Be6 {[%clk 00:24:18]} {[%emt 00:01:31]} 14.
d5 {[%clk 00:31:58]} {[%emt 00:00:34]} O-O-O {[%clk 00:24:16]} {[%emt
00:00:32]} 15. Nc3 {[%clk 00:31:44]} {[%emt 00:00:44]} Qc5 {[%clk 00:23:30]}
{[%emt 00:01:15]} 16. Re3 {[%clk 00:28:48]} {[%emt 00:03:27]} Qc4 {[%clk
00:23:01]} {[%emt 00:01:00]} 17. Nd2 {[%clk 00:27:34]} {[%emt 00:01:44]} Qc5
{[%clk 00:19:45]} {[%emt 00:03:46]} 18. dxc6 {[%clk 00:25:58]} {[%emt
00:02:05]} Qe5 {[%clk 00:18:49]} {[%emt 00:01:26]} 19. cxb7+ {[%clk 00:25:37]}
{[%emt 00:00:51]} Kb8 {[%clk 00:18:59]} {[%emt 00:00:20]} 20. Rg3 {[%clk
00:22:35]} {[%emt 00:03:32]} f5 {[%clk 00:15:18]} {[%emt 00:04:11]} 21. Qh5
{[%clk 00:13:41]} {[%emt 00:09:24]} Qd4 {[%clk 00:10:46]} {[%emt 00:05:02]} 22.
Qe2 {[%clk 00:09:22]} {[%emt 00:04:49]} fxe4 {[%clk 00:09:41]} {[%emt
00:01:36]} 23. Ndxe4 {[%clk 00:09:09]} {[%emt 00:00:43]} Bc4 {[%clk 00:07:47]}
{[%emt 00:02:24]} 24. Qe1 {[%clk 00:06:06]} {[%emt 00:03:33]} Rhe8 {[%clk
00:06:59]} {[%emt 00:01:17]} 25. Be3 {[%clk 00:04:42]} {[%emt 00:01:54]} Qe5
{[%clk 00:04:54]} {[%emt 00:02:35]} 26. Bxb6 {[%clk 00:04:53]} {[%emt
00:00:19]} axb6 {[%clk 00:05:11]} {[%emt 00:00:13]} 27. Rg5 {[%clk 00:04:21]}
{[%emt 00:01:03]} Qe7 {[%clk 00:02:34]} {[%emt 00:03:07]} 28. Rd1 {[%clk
00:04:12]} {[%emt 00:00:38]} Rxd1 {[%clk 00:02:36]} {[%emt 00:00:29]} 29. Qxd1
{[%clk 00:04:20]} {[%emt 00:00:22]} Rd8 {[%clk 00:02:38]} {[%emt 00:00:28]} 30.
Qf3 {[%clk 00:04:00]} {[%emt 00:00:49]} Rd3 {[%clk 00:02:27]} {[%emt 00:00:41]}
31. Qg4 {[%clk 00:03:51]} {[%emt 00:00:40]} Rxc3 {[%clk 00:02:44]} {[%emt
00:00:13]} 32. Qc8+ {[%clk 00:04:12]} {[%emt 00:00:08]} Ka7 {[%clk 00:03:00]}
{[%emt 00:00:14]} 33. Qa8# {[%clk 00:04:02]} {[%emt 00:00:08]} 1-0

[Event "XXVII MISTRZOSTWA WOJEWÓDZTWA PODLASKIEGO JUNIOREK DO LAT 12 - D12"]
[Site "Białystok, Poland"]
[Date "2025.05.31"]
[Round "4.2"]
[White "Wojdakowska, Emilia"]
[Black "Dabrowska, Eliza"]
[Result "0-1"]
[WhiteElo "1480"]
[BlackElo "1527"]

1. e4 {[%clk 00:30:59]} e5 {[%clk 00:30:55]} {[%emt 00:00:05]} 2. Nf3 {[%clk
00:31:22]} {[%emt 00:00:06]} Nc6 {[%clk 00:31:21]} {[%emt 00:00:05]} 3. d4
{[%clk 00:31:45]} {[%emt 00:00:06]} exd4 {[%clk 00:31:45]} {[%emt 00:00:06]} 4.
Nxd4 {[%clk 00:32:09]} {[%emt 00:00:05]} Nf6 {[%clk 00:32:10]} {[%emt
00:00:05]} 5. Nxc6 {[%clk 00:32:29]} {[%emt 00:00:11]} bxc6 {[%clk 00:32:31]}
{[%emt 00:00:09]} 6. Nd2 {[%clk 00:32:53]} {[%emt 00:00:05]} d5 {[%clk
00:32:33]} {[%emt 00:00:28]} 7. exd5 {[%clk 00:33:17]} {[%emt 00:00:05]} cxd5
{[%clk 00:32:34]} {[%emt 00:00:30]} 8. Bb5+ {[%clk 00:33:33]} {[%emt 00:00:14]}
Bd7 {[%clk 00:32:18]} {[%emt 00:00:46]} 9. Bxd7+ {[%clk 00:33:55]} {[%emt
00:00:08]} Qxd7 {[%clk 00:32:28]} {[%emt 00:00:21]} 10. O-O {[%clk 00:34:11]}
{[%emt 00:00:14]} Be7 {[%clk 00:32:50]} {[%emt 00:00:08]} 11. b3 {[%clk
00:34:36]} {[%emt 00:00:05]} O-O {[%clk 00:32:24]} {[%emt 00:00:56]} 12. Bb2
{[%clk 00:34:59]} {[%emt 00:00:06]} c6 {[%clk 00:31:57]} {[%emt 00:00:57]} 13.
Re1 {[%clk 00:34:05]} {[%emt 00:01:24]} Rfe8 {[%clk 00:27:45]} {[%emt
00:04:42]} 14. c4 {[%clk 00:31:51]} {[%emt 00:02:44]} d4 {[%clk 00:26:01]}
{[%emt 00:02:15]} 15. Nf3 {[%clk 00:20:33]} {[%emt 00:11:47]} c5 {[%clk
00:25:33]} {[%emt 00:00:58]} 16. Ne5 {[%clk 00:18:55]} {[%emt 00:02:08]} Qc7
{[%clk 00:24:21]} {[%emt 00:01:42]} 17. Nf3 {[%clk 00:13:28]} {[%emt 00:05:56]}
a5 {[%clk 00:20:59]} {[%emt 00:03:54]} 18. a4 {[%clk 00:10:46]} {[%emt
00:03:12]} Rab8 {[%clk 00:20:35]} {[%emt 00:00:53]} 19. Qd3 {[%clk 00:10:51]}
{[%emt 00:00:25]} h6 {[%clk 00:16:59]} {[%emt 00:04:06]} 20. Ne5 {[%clk
00:05:49]} {[%emt 00:05:32]} Bd6 {[%clk 00:15:28]} {[%emt 00:02:02]} 21. Nf3
{[%clk 00:05:03]} {[%emt 00:01:16]} Qb7 {[%clk 00:11:49]} {[%emt 00:04:08]} 22.
Rxe8+ {[%clk 00:04:59]} {[%emt 00:00:35]} Rxe8 {[%clk 00:12:12]} {[%emt
00:00:07]} 23. Nh4 {[%clk 00:03:33]} {[%emt 00:01:55]} Qe4 {[%clk 00:12:06]}
{[%emt 00:00:37]} 24. Qxe4 {[%clk 00:03:49]} {[%emt 00:00:15]} Nxe4 {[%clk
00:11:37]} {[%emt 00:00:59]} 25. Re1 {[%clk 00:03:37]} {[%emt 00:00:41]} Nf6
{[%clk 00:11:13]} {[%emt 00:00:54]} 26. Rxe8+ {[%clk 00:04:02]} {[%emt
00:00:05]} Nxe8 {[%clk 00:11:39]} {[%emt 00:00:04]} 27. Bc1 {[%clk 00:04:19]}
{[%emt 00:00:13]} Bc7 {[%clk 00:09:28]} {[%emt 00:02:42]} 28. Nf5 {[%clk
00:04:11]} {[%emt 00:00:37]} Nd6 {[%clk 00:08:17]} {[%emt 00:01:41]} 29. Ne7+
{[%clk 00:04:10]} {[%emt 00:00:30]} Kf8 {[%clk 00:08:31]} {[%emt 00:00:17]} 30.
Nd5 {[%clk 00:04:35]} {[%emt 00:00:06]} Bd8 {[%clk 00:08:16]} {[%emt 00:00:45]}
31. Kf1 {[%clk 00:04:31]} {[%emt 00:00:34]} Nb7 {[%clk 00:08:02]} {[%emt
00:00:44]} 32. Ke2 {[%clk 00:04:43]} {[%emt 00:00:17]} Ke8 {[%clk 00:07:03]}
{[%emt 00:01:29]} 33. Kd3 {[%clk 00:04:52]} {[%emt 00:00:21]} f5 {[%clk
00:06:09]} {[%emt 00:01:23]} 34. h3 {[%clk 00:04:04]} {[%emt 00:01:18]} Kd7
{[%clk 00:05:08]} {[%emt 00:01:31]} 35. Bf4 {[%clk 00:04:07]} {[%emt 00:00:26]}
g5 {[%clk 00:05:13]} {[%emt 00:00:28]} 36. Be5 {[%clk 00:03:56]} {[%emt
00:00:40]} h5 {[%clk 00:04:28]} {[%emt 00:01:15]} 37. Nf6+ {[%clk 00:03:57]}
{[%emt 00:00:29]} Bxf6 {[%clk 00:04:55]} {[%emt 00:00:04]} 38. Bxf6 {[%clk
00:04:16]} {[%emt 00:00:09]} g4 {[%clk 00:05:21]} {[%emt 00:00:05]} 39. hxg4
{[%clk 00:04:36]} {[%emt 00:00:10]} hxg4 {[%clk 00:05:40]} {[%emt 00:00:11]} 40.
g3 {[%clk 00:04:43]} {[%emt 00:00:23]} Nd6 {[%clk 00:05:33]} {[%emt 00:00:38]}
41. Ke2 {[%clk 00:01:36]} {[%emt 00:03:36]} Ne4 {[%clk 00:05:25]} {[%emt
00:00:38]} 42. Be5 {[%clk 00:01:28]} {[%emt 00:00:36]} Nd6 {[%clk 00:04:56]}
{[%emt 00:01:01]} 43. Bxd6 {[%clk 00:01:36]} {[%emt 00:00:21]} Kxd6 {[%clk
00:05:22]} {[%emt 00:00:04]} 44. Kd2 {[%clk 00:01:55]} {[%emt 00:00:12]} Ke5
{[%clk 00:05:45]} {[%emt 00:00:07]} 45. Kd3 {[%clk 00:02:19]} {[%emt 00:00:05]}
f4 {[%clk 00:06:05]} {[%emt 00:00:09]} 46. gxf4+ {[%clk 00:02:38]} {[%emt
00:00:12]} Kxf4 {[%clk 00:06:31]} {[%emt 00:00:05]} 47. Ke2 {[%clk 00:02:53]}
{[%emt 00:00:14]} Ke4 {[%clk 00:06:56]} {[%emt 00:00:05]} 48. Kd2 {[%clk
00:03:11]} {[%emt 00:00:12]} Kf3 {[%clk 00:07:14]} {[%emt 00:00:11]} 49. Ke1
{[%clk 00:03:37]} {[%emt 00:00:05]} d3 {[%clk 00:07:35]} {[%emt 00:00:09]} 50.
b4 {[%clk 00:03:45]} {[%emt 00:00:21]} cxb4 {[%clk 00:06:18]} {[%emt 00:01:47]}
51. Kd2 {[%clk 00:03:40]} {[%emt 00:00:35]} Ke4 {[%clk 00:05:30]} {[%emt
00:01:18]} 52. c5 {[%clk 00:03:58]} {[%emt 00:00:12]} Kd5 {[%clk 00:05:57]}
{[%emt 00:00:02]} 53. c6 {[%clk 00:04:20]} {[%emt 00:00:09]} Kxc6 {[%clk
00:06:22]} {[%emt 00:00:06]} 54. Kxd3 {[%clk 00:04:47]} {[%emt 00:00:03]} Kd5
{[%clk 00:06:46]} {[%emt 00:00:06]} 55. Kc2 {[%clk 00:04:41]} {[%emt 00:00:35]}
Ke4 {[%clk 00:07:01]} {[%emt 00:00:15]} 56. Kb3 {[%clk 00:04:36]} {[%emt
00:00:36]} Kf3 {[%clk 00:07:25]} {[%emt 00:00:06]} 57. Kc4 {[%clk 00:05:02]}
{[%emt 00:00:04]} Kxf2 {[%clk 00:07:50]} {[%emt 00:00:05]} 58. Kb5 {[%clk
00:05:27]} {[%emt 00:00:05]} b3 {[%clk 00:08:09]} {[%emt 00:00:11]} 59. Kxa5
{[%clk 00:05:52]} {[%emt 00:00:06]} b2 {[%clk 00:08:30]} {[%emt 00:00:09]} 60.
Ka6 {[%clk 00:06:13]} {[%emt 00:00:09]} b1=Q {[%clk 00:08:46]} {[%emt
00:00:15]} 61. a5 {[%clk 00:06:37]} {[%emt 00:00:06]} g3 {[%clk 00:08:51]}
{[%emt 00:00:25]} 62. Ka7 {[%clk 00:06:59]} {[%emt 00:00:09]} g2 {[%clk
00:09:16]} {[%emt 00:00:05]} 63. Ka8 {[%clk 00:07:01]} {[%emt 00:00:28]} g1=Q
{[%clk 00:09:24]} {[%emt 00:00:21]} 64. a6 {[%clk 00:07:23]} {[%emt 00:00:08]}
Qg8+ {[%clk 00:09:47]} {[%emt 00:00:06]} 65. Ka7 {[%clk 00:06:56]} {[%emt
00:00:58]} Qgb8# {[%clk 00:09:50]} {[%emt 00:00:26]} 0-1

[Event "XXVII MISTRZOSTWA WOJEWÓDZTWA PODLASKIEGO JUNIOREK DO LAT 12 - D12"]
[Site "Białystok, Poland"]
[Date "2025.05.31"]
[Round "4.3"]
[White "Kolosza, Luiza"]
[Black "Saliuk, Maryia"]
[Result "0-1"]
[WhiteElo "1472"]
[BlackElo "1635"]

1. d4 {[%clk 00:30:46]} {[%emt 00:00:14]} f5 {[%clk 00:30:55]} {[%emt
00:00:05]} 2. Nf3 {[%clk 00:30:52]} {[%emt 00:00:23]} e6 {[%clk 00:31:19]}
{[%emt 00:00:07]} 3. c4 {[%clk 00:31:05]} {[%emt 00:00:16]} b6 {[%clk
00:31:39]} {[%emt 00:00:11]} 4. Nc3 {[%clk 00:31:22]} {[%emt 00:00:13]} Bb4
{[%clk 00:31:59]} {[%emt 00:00:10]} 5. Bf4 {[%clk 00:30:52]} {[%emt 00:00:57]}
Bb7 {[%clk 00:32:18]} {[%emt 00:00:15]} 6. e3 {[%clk 00:31:10]} {[%emt
00:00:11]} Nf6 {[%clk 00:32:43]} {[%emt 00:00:05]} 7. Bd3 {[%clk 00:28:30]}
{[%emt 00:03:10]} O-O {[%clk 00:32:52]} {[%emt 00:00:22]} 8. O-O {[%clk
00:28:10]} {[%emt 00:00:49]} Bxc3 {[%clk 00:32:54]} {[%emt 00:00:28]} 9. bxc3
{[%clk 00:28:29]} {[%emt 00:00:11]} Ne4 {[%clk 00:32:55]} {[%emt 00:00:30]} 10.
Qc2 {[%clk 00:28:02]} {[%emt 00:00:52]} d6 {[%clk 00:33:07]} {[%emt 00:00:22]}
11. Rfd1 {[%clk 00:24:31]} {[%emt 00:04:00]} h6 {[%clk 00:31:19]} {[%emt
00:02:19]} 12. Nd2 {[%clk 00:18:58]} {[%emt 00:06:03]} Nxd2 {[%emt 00:01:18]}
13. Rxd2 {[%clk 00:18:28]} {[%emt 00:00:08]} g5 {[%clk 00:25:39]} {[%emt
00:06:15]} 14. Bg3 {[%clk 00:17:18]} {[%emt 00:01:39]} f4 {[%clk 00:26:04]}
{[%emt 00:00:08]} 15. exf4 {[%clk 00:17:15]} {[%emt 00:00:31]} gxf4 {[%clk
00:26:30]} {[%emt 00:00:05]} 16. Bh7+ {[%clk 00:15:50]} {[%emt 00:01:54]} Kh8
{[%clk 00:26:54]} {[%emt 00:00:07]} 17. Qg6 {[%clk 00:11:43]} {[%emt 00:04:36]}
Rf6 {[%clk 00:25:05]} {[%emt 00:02:20]} 18. Qh5 {[%clk 00:06:48]} {[%emt
00:05:09]} fxg3 {[%clk 00:25:24]} {[%emt 00:00:27]} 19. Bg6 {[%clk 00:06:35]}
{[%emt 00:00:41]} Qf8 {[%clk 00:23:19]} {[%emt 00:02:36]} 20. hxg3 {[%clk
00:06:28]} {[%emt 00:00:37]} Qg7 {[%clk 00:23:33]} {[%emt 00:00:17]} 21. Bd3
{[%clk 00:05:49]} {[%emt 00:01:09]} Nd7 {[%clk 00:23:50]} {[%emt 00:00:14]} 22.
Qb5 {[%clk 00:05:07]} {[%emt 00:01:09]} e5 {[%clk 00:22:52]} {[%emt 00:01:30]}
23. Re1 {[%clk 00:03:56]} {[%emt 00:01:35]} Raf8 {[%clk 00:19:19]} {[%emt
00:04:10]} 24. Re3 {[%clk 00:03:18]} {[%emt 00:01:08]} a6 {[%clk 00:16:18]}
{[%emt 00:03:32]} 25. Qb1 {[%clk 00:03:25]} {[%emt 00:00:21]} Qg5 {[%clk
00:16:25]} {[%emt 00:00:24]} 26. Qd1 {[%clk 00:02:59]} {[%emt 00:00:55]} R6f7
{[%clk 00:15:03]} {[%emt 00:01:53]} 27. g4 {[%clk 00:02:31]} {[%emt 00:00:58]}
e4 {[%clk 00:15:04]} {[%emt 00:00:30]} 28. Bxe4 {[%clk 00:02:21]} {[%emt
00:00:39]} Bxe4 {[%clk 00:15:29]} {[%emt 00:00:06]} 29. Rxe4 {[%clk 00:02:44]}
{[%emt 00:00:07]} Nf6 {[%clk 00:15:57]} {[%emt 00:00:03]} 30. Re3 {[%clk
00:02:50]} {[%emt 00:00:23]} Qxg4 {[%clk 00:16:09]} {[%emt 00:00:19]} 31. Qe1
{[%clk 00:02:39]} {[%emt 00:00:39]} Rg7 {[%clk 00:15:22]} {[%emt 00:01:18]} 32.
Rg3 {[%clk 00:02:31]} {[%emt 00:00:36]} Qh5 {[%clk 00:15:37]} {[%emt 00:00:17]}
33. Rh3 {[%clk 00:01:53]} {[%emt 00:01:06]} Qg6 {[%clk 00:15:45]} {[%emt
00:00:21]} 34. Rg3 {[%clk 00:01:41]} {[%emt 00:00:45]} Qh7 {[%clk 00:16:08]}
{[%emt 00:00:08]} 35. Rh3 {[%clk 00:02:03]} {[%emt 00:00:08]} Rfg8 {[%clk
00:16:32]} {[%emt 00:00:06]} 36. f3 {[%clk 00:01:12]} {[%emt 00:01:19]} Qg6
{[%clk 00:16:01]} {[%emt 00:01:02]} 37. g4 {[%clk 00:01:17]} {[%emt 00:00:23]}
Re8 {[%clk 00:14:58]} {[%emt 00:01:36]} 38. Qc1 {[%clk 00:01:00]} {[%emt
00:00:45]} Kh7 {[%clk 00:14:56]} {[%emt 00:00:34]} 39. Rdh2 {[%clk 00:01:14]}
{[%emt 00:00:12]} Ng8 {[%clk 00:15:07]} {[%emt 00:00:23]} 40. a3 {[%clk
00:00:48]} {[%emt 00:00:56]} Rge7 {[%clk 00:15:17]} {[%emt 00:00:20]} 41. Kg2
{[%clk 00:00:53]} {[%emt 00:00:23]} Re2+ {[%clk 00:14:59]} {[%emt 00:00:49]} 42.
Kg3 {[%clk 00:01:04]} {[%emt 00:00:18]} R2e3 {[%clk 00:14:42]} {[%emt
00:00:45]} 43. Qd2 {[%clk 00:00:41]} {[%emt 00:00:54]} d5 {[%clk 00:15:05]}
{[%emt 00:00:10]} 44. cxd5 {[%clk 00:00:56]} {[%emt 00:00:15]} Qd6+ {[%clk
00:15:29]} {[%emt 00:00:05]} 45. Kh4 {[%clk 00:00:51]} {[%emt 00:00:35]} Ne7
{[%clk 00:14:00]} {[%emt 00:02:00]} 46. Qc2+ {[%clk 00:00:42]} {[%emt
00:00:39]} Ng6+ {[%clk 00:14:16]} {[%emt 00:00:14]} 0-1